Engenharia de avaliações : (Record no. 1121)

MARC details
000 -LÍDER
Campo Fixo de Controle 00847nam a2200265 a 4500
001 - NÚMERO DE CONTROLE
Campo de Controle 1121
003 - IDENTIFICAÇÃO DO NÚMERO DE CONTROLE
Campo de Controle BR-CuiBMT
005 - DATA E HORA DA ÚLTIMA ATUALIZAÇÃO
Campo de Controle 20231129145802.0
008 - DADOS FIXOS
Dados Fixos 231114s2008 spba 000 0 por d
020 ## - INTERNATIONAL STANDARD BOOK NUMBER
Nº do ISBN 9788572662598
040 ## - AGÊNCIA CATALOGADORA
Código da Agência Catalogadora BR-CuiBMT
Agência que transcreveu o registro BR-CuiBMT
080 ## - Nº DA CLASSIFICAÇÃO DECIMAL UNIVERSAL
Nº Class. CDU 624:657.922
Nº edição CDU 2007
090 ## - NÚMERO DE CHAMADA
Nº classificação 624:657.922
Cutter D192e
Ano/Edição 3. ed.
100 1# - ENTRADA PRINCIPAL -- AUTOR PESSOAL
Nome pessoal Dantas, Rubens Alves,
Datas associadas ao nome 1955-
245 10 - TÍTULO PRINCIPAL
Título principal Engenharia de avaliações :
Subtítulo uma introdução à metodologia científica /
Indicação de responsabilidade Rubens Alves Dantas
250 ## - EDIÇÃO
Edição 3. ed. rev.
260 ## - PUBLICAÇÃO, DISTRIBUIÇÃO, ETC.
Local de publicação São Paulo :
Editora Pini,
Data 2012.
300 ## - DESCRIÇÃO FÍSICA
N. páginas ou volumes 255 p. ;
Ilustrações il. :
Dimensões 23 cm
500 ## - NOTAS GERAIS
Notas gerais Revisada de acordo com a nova versão do NBR 14.653 - 2:2011.
504 ## - NOTA DE BIBLIOGRAFIA, ETC.
Nota de bibliografia Inclui bibliografia.
650 ## - ASSUNTO TÓPICO
Cabeçalho tópico ou nome geográfico Avaliação (Finanças)
650 ## - ASSUNTO TÓPICO
Cabeçalho tópico ou nome geográfico Bens imóveis
Subdivisão geral Avaliação
650 ## - ASSUNTO TÓPICO
Cabeçalho tópico ou nome geográfico Engenharia econômica
942 ## - ELEMENTOS DE ENTRADA ADICIONAIS (KOHA)
Fonte de classificação ou esquema de arquivamento Classificação Decimal Universal
Tipo de item do Koha Livros
Holdings
Estado: removido Estado: perdido Fonte de classificação ou esquema de arquivamento Estado: danificado Indisponível para empréstimo Localização permanente Localização atual Data de aquisição Total Checkouts Número de Chamada completo Código de barras Date last seen Número do exemplar Preço efetivo a partir de Tipo de item (Koha)
    Classificação Decimal Universal     Biblioteca da Escola Superior de Contas do TCE/MT Biblioteca da Escola Superior de Contas do TCE/MT 29/11/2023   624:657.922 D192e 3. ed. BIBTCEMT23111299 29/11/2023 Ex. 1 29/11/2023 Livros

Powered by Koha